00347nam a2200145Ia 45000030006000000080041000060400015000471000018000622450034000802500006001142600044001203000008001645460012001720050017001840STCL150530s9999 xx 000 0 und d aSTCLcSTCL aVivek Solanki aVolleyball - Skills and Rules a1 bKHEL Sahitya Kendra; Delhic2010aDelhi a336 aEnglish20220125170626.0